| Tag |
First Indicator |
Second Indicator |
Subfields |
| LEADER |
00000pam a2200000 i 4500 |
| 001 |
in00000042413 |
| 005 |
20151007072713.0 |
| 008 |
790717s1979 maua b 00110 eng |
| 010 |
|
|
|a 79002410
|
| 020 |
|
|
|a 0669031674
|
| 035 |
|
|
|a (OCoLC)05240340
|
| 035 |
|
|
|9 AAE8401AM
|
| 040 |
|
|
|a DLC
|c DLC
|d TXA
|d UtOrBLW
|
| 043 |
|
|
|a n-us---
|
| 049 |
|
|
|a TXAM
|c [1191970]
|
| 050 |
0 |
0 |
|a HE308
|b .B87
|
| 082 |
0 |
|
|a 388.4/0973
|
| 100 |
1 |
|
|a Burke, Catherine G.
|
| 245 |
1 |
0 |
|a Innovation and public policy :
|b the case of personal rapid transit /
|c Catherine G. Burke.
|
| 264 |
|
1 |
|a Lexington, Mass. :
|b Lexington Books,
|c [1979]
|
| 264 |
|
4 |
|c ©1979
|
| 300 |
|
|
|a xiii, 401 pages :
|b illustrations ;
|c 24 cm.
|
| 336 |
|
|
|a text
|b txt
|2 rdacontent
|
| 337 |
|
|
|a unmediated
|b n
|2 rdamedia
|
| 338 |
|
|
|a volume
|b nc
|2 rdacarrier
|
| 500 |
|
|
|a Includes index.
|
| 504 |
|
|
|a Bibliography: pages 387-389.
|
| 650 |
|
0 |
|a Personal rapid transit
|z United States.
|
| 999 |
|
|
|a MARS
|
| 999 |
f |
f |
|s 60d459e6-0d81-35a0-a9a9-6171118477bc
|i aefa6eb0-00a8-33d1-bae0-6b22b1c19c8b
|t 0
|
| 952 |
f |
f |
|p ric
|a Texas A&M University
|b Rellis Campus
|c Joint Library Facility
|d Remote Storage
|t 0
|e HE308 .B87
|h Library of Congress classification
|i unmediated -- volume
|m A14802746382
|
| 998 |
f |
f |
|a HE308 .B87
|t 0
|l Remote Storage
|